Effect of carbon black loading on the properteis of natural rubber (Record no. 74485)

MARC details
000 -LEADER
fixed length control field 00485nam a2200157Ia 4500
100 ## - MAIN ENTRY--AUTHOR NAME
Personal name NeethuDas, P
245 #0 - TITLE STATEMENT
Title Effect of carbon black loading on the properteis of natural rubber
260 ## - PUBLICATION, DISTRIBUTION, ETC. (IMPRINT)
Name of publisher Calicut University
Place of publication Malappuram
Year of publication 2016
300 ## - PHYSICAL DESCRIPTION
Number of Pages 61
500 ## - GENERAL NOTE
General note Copy not available. Details from RT Dvn
500 ## - GENERAL NOTE
General note Course: MSc Chem
700 ## - ADDED ENTRY--PERSONAL NAME
Personal name KN Madhusoodanan
850 ## - HOLDING INSTITUTION
Holding institution Rubber Research Institute of India
942 ## - ADDED ENTRY ELEMENTS (KOHA)
Koha item type Theses
Holdings
Withdrawn status Lost status Damaged status Not for loan Collection code Home library Current library Shelving location Date acquired Koha item type
      Theses Dissertation RRII Library RRII Library Applied chemistry 31/12/2021 Theses